Responses for show #3409 - Thursday, June 3, 1999

Contestants

Preston Spickler, an actor originally from Harpers Ferry, West Virginia

Marina Rimer, a bartender from Los Angeles, California

Dave Martin, an English teacher from Sweet Home, Oregon (whose 1-day cash winnings total $14,500)

Jeopardy! Round responses

BRITISH PRIME MINISTERS
COUNTY SEATS
"DREAM"Y SONGS
BILL GATES' 50 BILLION
SPOUSE IN COMMON
GANGSTER'S DICTIONARY
    $100 16
Winston Churchill

Marina
    $100 11
Hawaii

Marina
    $100 1
"California Dreamin'" & "Dream a Little Dream of Me"

Marina
    $100 26
Windows

Marina
    $100 3
Barbra Streisand

Preston
    $100 17
Handcuffs

Preston
    $200 18
(M: Who was Margaret Thatcher?)

John Major

MarinaPreston
    $200 12
(D: What is Louisiana?)

Kentucky

DavePreston
    $200 2
"All I Have to Do Is Dream"

Marina
    $200 27
Washington

Marina
    $200 7
Tommy Lee

Dave
    $200 22
Safe

Dave
    $300 19
Neville Chamberlain

Preston
    $300 13
(M: What is Duke?)

Waterloo

DaveMarina
    $300 4
A daydream believer

Dave
    $300 28
Shoes

Triple Stumper
    $300 8
Jane Fonda

Dave
    $300 23
Dice

Dave
    $400 20
(P: [no response])

William Pitt

Preston
    $400 14
(M: What is Lincoln?)
(P: What is Jefferson?)

Adams

MarinaPreston
Triple Stumper
    $400 5
(M: Who is Diana?)

"Dream Lover"

MarinaPreston
    $400 29
The Six Million Dollar Man; The "Bionic Man"

Preston
    $400 9
Frank Sinatra

Dave
    $400 24
Detective/private eye

Dave
    $500 21
Clement Atlee

Triple Stumper
    $500 15
Laredo

Dave
    $500 6
(P: What is "Dream Baby?")

"In Dreams"

Preston
Triple Stumper
    $500 30
(P: What is $25 billion?)
(Alex: You were pretty close though; it's $21.5 billion.)

Gross Domestic Product

Preston
Triple Stumper
    $500 10
John Derek

Dave
    $500 25
(less than a minute to go...)

Police car

Marina

Scores at the first commercial break (after clue 15):

Dave Marina Preston
$2,300 -$700 -$200

Scores at the end of the Jeopardy! Round:

Dave Marina Preston
$3,200 $0 -$100

Double Jeopardy! Round responses

CIVIL WAR LITERATURE
HISTORIC NAMES
TV MINISERIES
TAKE A PILL
KNOTS TO YOU
THAT'S WHAT THEY SAID
    $200 1
"The Red Badge of Courage"

Dave
    $200 6
Father Flanagan

Marina
    $200 12
Moby Dick

Dave
    $200 26
(buzzer sounds)

Aspirin

Dave
    $200 17
Lasso

Marina
    $200 11
Margaret Thatcher

Marina
    $400 2
Andersonville

Preston
    $400 7
(P: Who is Vasco da Gama?)

Ferdinand Magellan

MarinaPreston
    $400 18
(D: What is "Odysseus?")

The Odyssey

Dave
Triple Stumper
    $400 22
Gordian Knot

Dave
    $400 13
Charles Dickens

Dave
    $500 3
Walt Whitman

Preston
    $600 8
(M: Who was Tchaikovsky?)

Frederic Chopin

MarinaPreston
    $600 19
Alex Haley

Preston
    $600 23
Knots Landing

Preston
    $600 14
Our friends

Marina
    $800 4
Ambrose Bierce

Preston
    $800 9
Somoza

Dave
    $800 20
(about a minute to go...)

Lonesome Dove

Preston
    $800 24
Incas

Preston
    $800 15
How you played the game

Dave
    $1000 5
"The Killer Angels"

Preston
    $1000 10
William Herschel

Triple Stumper
    $1000 21
Scarlett

Marina
    $1000 25
Macrame

Marina
    $1000 16
Carl Sandburg

Triple Stumper

Scores at the end of the Double Jeopardy! Round:

Dave Marina Preston
$5,800 $3,000 $5,600

[wagering suggestions for these scores]

Final Jeopardy! Round responses

WORLD EVENTS
MarinaWhat is climb
$2,900
PrestonWhat is carried the Olympic torch
$1,400
DaveWhat is win Nobel Peace Prizes
$5,400
Lighting the Olympic flame at the Olympic Games

Final scores:

Dave Marina Preston
$400 $100 $4,200
2nd place: Trip to Spice Island Beach Resort, Grenada 3rd place: Olympus Centurion S Zoom Lens Camera New champion: $4,200

Game dynamics:

Coryat scores:

Dave Marina Preston
$5,800 $3,000 $6,100
17 R,
2 W
14 R,
5 W
16 R
(including 1 DD),
5 W
(including 1 DD)

Combined Coryat: $14,900

The J! Archive is created by fans, for fans. The Jeopardy! game show and all elements thereof, including but not limited to copyright and trademark thereto, are the property of Jeopardy Productions, Inc. and are protected under law. This website is not affiliated with, sponsored by, or operated by Jeopardy Productions, Inc. Join the discussion at JBoard.tv.